| 000 | 00585nam a2200229Ia 4500 | ||
|---|---|---|---|
| 008 | 160803s9999 xx 000 0 und d | ||
| 020 | _a0 439579406 | ||
| 100 | _aBerger, Melvin | ||
| 245 | _aDive! : | ||
| 245 | _ba book of deep-sea creatures / | ||
| 245 | _cby Melvin and Gilda Berger. | ||
| 260 | _aNew York : | ||
| 260 | _bScholastic Inc. | ||
| 260 | _c2000 | ||
| 300 | _a47 pages : | ||
| 300 | _bcolor illustrations ; | ||
| 300 | _c23 cm. | ||
| 440 | _aScholastic action. | ||
| 650 | _aDeep-sea animals -- | ||
| 650 | _xJuvenile literature. | ||
| 700 | _a520 | ||
| 999 |
_c299105 _d299105 |
||